000 01397nam a22002777a 4500
005 20101206113148.0
008 101206t xxu||||| |||| 00| 0 hin d
010 _aHIN-93250
020 _c90.00
_a9788171247769
035 _aHN-65596
037 _bDBAD/PUB
040 _aDPL
_bHN
082 _a523
100 _924598
_aगोपीनाथ कविराज
245 _aरहस्यमय सिद्धभूमि तथा सूर्यविज्ञान /
_cगोपीनाथ कविराज;एस.एन.खण्डेलवाल द्वारा संग्रह एवं अनुदित
246 _aRahasyamaya Siddhbhumi tatha surya vijnana
_bCollected & Tan by S.N. Khandelwal
260 _aवाराणसी
_bविश्वविद्यालय प्रकाशन
_c2011
270 _bवाराणसी
_aपो.बाँ.1149, विशालाक्षी भवन, चौक
_e221001
_k0542- 2413741
_msales@vvpbooks.com
300 _avi,144पृ.
_c22सेमी (अजिल्द)
650 _91169
650 _929580
700 _924599
_aखण्डेलवाल, एस.एन.
700 _924924
942 _2ddc
_cHN
_mगोपीना
_h523
999 _c53984
_d53984